समृद्धीच्या दिशेने करियर / (Record no. 53672)

MARC details
000 -LEADER
fixed length control field 01120nam a22002537a 4500
005 - DATE AND TIME OF LATEST TRANSACTION
control field 20110708111942.0
008 - FIXED-LENGTH DATA ELEMENTS--GENERAL INFORMATION
fixed length control field 110708t xxu||||| |||| 00| 0 mar d
010 ## - LCCN (DPL NO)
LC control number MAR-21047
020 ## - INTERNATIONAL STANDARD BOOK NUMBER
International Standard Book Number 9788174345370
Terms of availability 150.00
035 ## - SYSTEM CONTROL NUMBER
System control number MR-13705
037 ## - SOURCE OF ACQUISITION
Source of stock number/acquisition DBAD/PUB
040 ## - CATALOGING SOURCE
Original cataloging agency DPL
Language of cataloging MR
082 ## - DEWEY DECIMAL CLASSIFICATION NUMBER
Classification number 370.113
100 ## - MAIN ENTRY--PERSONAL NAME
Personal name वांदिले,सुरेश
9 (RLIN) 29276
245 ## - TITLE STATEMENT
Title समृद्धीच्या दिशेने करियर /
Statement of responsibility, etc सुरेश वांदिले
246 ## - VARYING FORM OF TITLE
Title proper/short title Samruddheechya Dishene Kareeyar
Remainder of title by Suresh Vandile
250 ## - EDITION STATEMENT
Edition statement तृतीय आवृती
260 ## - PUBLICATION, DISTRIBUTION, ETC. (IMPRINT)
Place of publication, distribution, etc पुणे
Name of publisher, distributor, etc राजहँस प्रकाशन
Date of publication, distribution, etc 2011
270 ## - ADDRESS
Address 1025,सदाशिव पेठ
City पुणे
Postal code 411030
300 ## - PHYSICAL DESCRIPTION
Extent आठ,175पृ.
Dimensions 22सेमी(अजिल्द)
700 ## - ADDED ENTRY--PERSONAL NAME
9 (RLIN) 29298
942 ## - ADDED ENTRY ELEMENTS (KOHA)
Source of classification or shelving scheme Dewey Decimal Classification
Item type Marathi Books
Call number suffix वांदिले
Classification part 370.113
Holdings
Withdrawn status Lost status Source of classification or shelving scheme Damaged status Not for loan Collection code Home library Current library Date acquired Source of acquisition Cost, normal purchase price Total Checkouts Full call number Barcode Date last seen Copy number Cost, replacement price Koha item type
    Dewey Decimal Classification   Not For Loan Non-fiction D.B.Act.Division D.B.Act.Division 08/07/2011 DBAD / PUB 150.00   370.113 वांदिले MR-13705 08/07/2011 1 150.00 Marathi Books

© Delhi Public Library
Hit Counter
free hit counter